000 00342nam a2200145 4500
008 191003s2014||||xo d
100 1 _aMischel Walter
_91369
245 1 0 _aCukrĂ­kovĂ˝ test
250 _a1.vydanie
260 _bIkar
_aBratislava
_c2014
300 _a341 s.
020 _a9788055141909
_c3
041 1 _aslo
044 _axo
_cSK
999 _c22729
_d22729